Sebastiano Timpanaro, La Genèse de la méthode de Lachmann, traduction par Aude Cohen-Skalli et Alain Segonds, Paris, Les Belles Lettres, coll. « L’Âne d’or », 2016, xxviii-246 p., 29 €. (notice n° 1658941)

détails MARC
000 -LEADER
fixed length control field 02203cam a2200169 4500500
005 - DATE AND TIME OF LATEST TRANSACTION
control field 20260208010931.0
041 ## - LANGUAGE CODE
Language code of text/sound track or separate title fre
042 ## - AUTHENTICATION CODE
Authentication code dc
100 10 - MAIN ENTRY--PERSONAL NAME
Personal name Barthas, Jérémie
Relator term author
245 00 - TITLE STATEMENT
Title Sebastiano Timpanaro, La Genèse de la méthode de Lachmann, traduction par Aude Cohen-Skalli et Alain Segonds, Paris, Les Belles Lettres, coll. « L’Âne d’or », 2016, xxviii-246 p., 29 €.
260 ## - PUBLICATION, DISTRIBUTION, ETC.
Date of publication, distribution, etc. 2017.<br/>
500 ## - GENERAL NOTE
General note 84
520 ## - SUMMARY, ETC.
Summary, etc. La conception de l’unité de la volonté et des émotions défendue par Brentano peut apporter une contribution éclairante et novatrice en philosophie de l’esprit et des émotions. Brentano insiste en effet sur la nature essentiellement évaluative du désir et sur son caractère sui generis, irréductible à des modes perceptuels ou judicatifs, position qui s’explique par une approche attitudinale du désir. Mais unité n’est pas identité, et cette conception de la troisième classe d’actes mentaux permet aussi de différencier les phénomènes volitifs des phénomènes strictement affectifs, ce qui préserve l’unité de cette troisième classe tout en permettant de répondre à certaines objections formulées contre la conception brentanienne des émotions.
520 ## - SUMMARY, ETC.
Summary, etc. The conception of the unity of will and emotions advocated by Brentano might prove an enlightening and innovative contribution to the philosophy of mind and the philosophy of emotions. Brentano indeed emphasizes both the essentially evaluative nature of desire and its sui generis character, which is irreducible to perceptual or cognitive modes, a position that draws on an attitudinal account of desire. But unity does not mean identity, and this conception of the third class of mental acts also enables one to distinguish volitional phenomena from purely affective phenomena, thereby preserving the unity of the third class whilst allowing one to answer some objections raised against the Brentanian conception of emotions.
786 0# - DATA SOURCE ENTRY
Note Revue philosophique de la France et de l'étranger | 142 | 4 | 2017-11-24 | p. 597m-601m | 0035-3833
856 41 - ELECTRONIC LOCATION AND ACCESS
Uniform Resource Identifier <a href="https://shs.cairn.info/revue-philosophique-2017-4-page-597m?lang=fr&redirect-ssocas=7080">https://shs.cairn.info/revue-philosophique-2017-4-page-597m?lang=fr&redirect-ssocas=7080</a>

Pas d'exemplaire disponible.

PLUDOC

PLUDOC est la plateforme unique et centralisée de gestion des bibliothèques physiques et numériques de Guinée administré par le CEDUST. Elle est la plus grande base de données de ressources documentaires pour les Étudiants, Enseignants chercheurs et Chercheurs de Guinée.

Adresse

627 919 101/664 919 101

25 boulevard du commerce
Kaloum, Conakry, Guinée

Réseaux sociaux

Powered by Netsen Group @ 2025